[Event "Brantford Leo McMahon"]
[Site "Brantford"]
[Date "2016.02.04"]
[Round "1"]
[White "Vlasov, John"]
[Black "Osborne, Christopher"]
[Result "1-0"]
[WhiteElo "1848"]
[BlackElo "1123"]
[PlyCount "103"]
[EventDate "2016.02.04"]
[EventType "swiss"]
[EventRounds "4"]
[EventCountry "CAN"]
[SourceTitle "EXT 2022"]
[Source "ChessBase"]
[SourceDate "2021.10.06"]
[SourceVersion "1"]
[SourceVersionDate "2021.10.06"]
[SourceQuality "1"]

1. d4 d5 2. Nf3 e6 3. g3 Nf6 4. Bg2 c5 5. dxc5 Bxc5 6. 0-0 0-0 7. Nbd2 Nc6 8. c4 d4 9. Nb3 Qd6 10. a3 a6 11. Qc2 Rb8 12. Nxc5 Qxc5 13. b4 Qe7 14. b5 axb5 15. cxb5 Na7 16. a4 e5 17. Ba3 Qd8 18. Bxf8 Qxf8 19. Nxe5 Qd6 20. Nd3 Bf5 21. Qc5 Qxc5 22. Nxc5 b6 23. Nb3 d3 24. exd3 Bxd3 25. Rfe1 h6 26. Rac1 Nc8 27. Bh3 Nd6 28. Red1 Bxb5 29. axb5 Nxb5 30. Bf1 Na7 31. Rc7 Nc8 32. Bh3 Ne8 33. Rd8 Kf8 34. Rcxc8 Rxc8 35. Rxc8 Ke7 36. Rxe8+ Kxe8 37. Kg2 Ke7 38. Kf3 Kd6 39. Ke4 g6 40. g4 f6 41. Bf1 Kc6 42. Bc4 b5 43. Bf7 g5 44. Kf5 b4 45. Kxf6 Kb5 46. Kg6 Ka4 47. Kxh6 Ka3 48. Kxg5 Kb2 49. h4 Kc2 50. h5 Kd3 51. h6 Ke2 52. f4 1-0